La Liebre y la tortuga (Record no. 6948)

MARC details
000 -LEADER
campo de control de longitud fija 00805nam a2200253 i 4500
001 - NÚMERO DE CONTROL
campo de control 6948
003 - IDENTIFICADOR DE NÚMERO DE CONTROL
campo de control ES-MaACL
005 - FECHA Y HORA DE LA ÚLTIMA TRANSACCIÓN
campo de control 20230906145128.0
007 - CAMPO FIJO DE DESCRIPCIÓN FÍSICA--INFORMACIÓN GENERAL
campo de control de longitud fija t|
008 - DATOS DE LONGITUD FIJA--INFORMACIÓN GENERAL
campo de control de longitud fija 900713s1989 sp ||||1| spa d
020 ## - NÚMERO INTERNACIONAL ESTÁNDAR DEL LIBRO
Número Internacional Estándar del Libro 84-345-8455-7
080 ## - NÚMERO DE LA CLASIFICACIÓN DECIMAL UNIVERSAL
Número de la Clasificación Decimal Universal 576.12
080 ## - NÚMERO DE LA CLASIFICACIÓN DECIMAL UNIVERSAL
Número de la Clasificación Decimal Universal 159.92
100 1# - ENTRADA PRINCIPAL--NOMBRE DE PERSONA
Nombre de persona Barash, David P.
9 (RLIN) 25332
245 13 - MENCIÓN DEL TÍTULO
Título La Liebre y la tortuga
Resto del título : cultura, biologia y naturaleza humana /
Mención de responsabilidad, etc. David P. Barash.
260 ## - PUBLICACIÓN, DISTRIBUCIÓN, ETC.
Lugar de publicación, distribución, etc. Barcelona :
Nombre del editor, distribuidor, etc. Salvat,
Fecha de publicación, distribución, etc. 1989.
300 ## - DESCRIPCIÓN FÍSICA
Extensión 289 p. ;
Dimensiones 19 cm.
490 1# - MENCIÓN DE SERIE
Mención de serie Biblioteca científica Salvat ;
Designación de volumen o secuencia 92
650 #4 - PUNTO DE ACCESO ADICIONAL DE MATERIA--TÉRMINO DE MATERIA
Término de materia o nombre geográfico como elemento de entrada Evolución humana-
Subdivisión de forma Obras de divulgación.
9 (RLIN) 12628
650 14 - PUNTO DE ACCESO ADICIONAL DE MATERIA--TÉRMINO DE MATERIA
Término de materia o nombre geográfico como elemento de entrada Conducta-
Subdivisión de forma Obras de divulgación.
9 (RLIN) 11259
830 0# - PUNTO DE ACCESO ADICIONAL DE SERIE-TÍTULO UNIFORME
Título uniforme Biblioteca científica Salvat ;
Designación de volumen o secuencia 92
9 (RLIN) 177703
852 ## - LOCALIZACIÓN
Ubicación ES-MaACL
Número de control de estantería L-14172
Sublocalización o colección R.117760
Nota libre . - rust.
Holdings
Estatus retirado Estado de pérdida Estado de daño No para préstamo Biblioteca de origen Biblioteca actual Ubicación en estantería Fecha de adquisición Fuente de adquisición Total de préstamos Signatura topográfica completa Código de barras Visto por última vez Precio de reemplazo Tipo de ítem Koha
        Biblioteca del Ateneo de Madrid Biblioteca del Ateneo de Madrid Depósito 2 17/01/2008     L-14172 1007085 23/02/2023 23/02/2023 Libro impreso